000 00870cab a2200253 4500
001 ABS45438
008 090401t1991 xxu||||| |||| 00| 0 eng d
035 _a(Sirsi) u52955
041 _aeng
100 _aKitchen, S.
245 _aCompulsory question
260 _c1991
350 _a0
490 _aBuilding
_v256(7720) 8 November 1991, 20-21(2)
520 _aLooks at compulsory competitive tendering (CCT) arrangements in France and the US following the introduction of CCT for local authority professional services such as surveying, architects and housing management in the Local Government Bill.
650 _aCOMPULSORY COMPETITIVE TENDERING
650 _aLOCAL AUTHORITIES
650 _aLOCAL GOVERNMENT BILL
650 _aPROFESSIONAL SERVICES
690 _aECONOMIC AND SOCIAL
700 _aStewart, A.
942 _n0
948 _c04/03/1997
999 _c32676
_d32676